Представление документа в формате MARC21

Поле Инд. ПП Название Значение
Тип записи a
Библиографический уровень m
001 _ Контрольный номер RU-LAN-BOOK-168619
005 Дата корректировки 20250915104059.5
008 Кодируемые данные 210401s2021 RU y f j 000 1 rus u
020 a ISBN 978-5-8114-1623-3
040 c Служба, преобразующая запись Издательство Лань
041 a Код языка текста rus
044 a Код страны публикации RU
080 a Индекс УДК 519.6(075.8)
084 2 Источник индекса rubbk
a Индекс другой классификации/Индекс ББК 22.1я73
100 1_ a Автор Амосов А. А.
245 a Заглавие Вычислительные методы
h Физич. носитель Электронный ресурс
c Ответственность Амосов А. А., Дубинский Ю. А., Копченова Н. В.
250 a Основные сведения об издании 4-е изд., стер.
260 a Место издания Санкт-Петербург
b Издательство Лань
c Дата издания 2021
d Санкт-Петербург
300 a Объем 672 с.
520 a Аннотация В книге рассматриваются вычислительные методы, наиболее часто используемые в практике прикладных и научно-технических расчетов: методы решения задач линейной алгебры, нелинейных уравнений, проблемы собственных значений, методы теории приближения функций, численное дифференцирование и интегрирование, поиск экстремумов функций, решение обыкновенных дифференциальных уравнений, численное решение интегральных уравнений, линейная и нелинейная задачи метода наименьших квадратов, метод сопряженных градиентов. Значительное внимание уделяется особенностям реализации вычислительных алгоритмов на компьютере и оценке достоверности полученных результатов. Имеется большое количество примеров и геометрических иллюстраций. Даются сведения о стандарте IEEE, о сингулярном разложении матрицы и его применении для решения переопределенных систем, о двухслойных итерационных методах, о квадратурных формулах Гаусса–Кронрода, о методах Рунге–Кутты–Фельберга. Учебное пособие предназначено для студентов всех направлений подготовки, обучающихся в классических и технических университетах и изучающих вычислительные методы, будет полезно аспирантам, инженерам и научным работникам, применяющим вычислительные методы в своих исследованиях.
521 a Примеч. о целев. назн. Книга из коллекции Лань - Математика
653 a Ключевые слова задачи коши
653 a Ключевые слова двухточечные краевые задачи
653 a Ключевые слова численное дифференцирование
653 a Ключевые слова численное интегрирование
653 a Ключевые слова интегральные уравнения
653 a Ключевые слова методы отыскания
653 a Ключевые слова итерационные методы решения
653 a Ключевые слова учебные пособия
653 a Ключевые слова теория погрешностей
653 a Ключевые слова вычислительные алгоритмы
653 a Ключевые слова вычислительные методы
653 a Ключевые слова системы линейных уравнений
653 a Ключевые слова нелинейные уравнения
653 a Ключевые слова вычислительные задачи
653 a Ключевые слова прикладные задачи
653 a Ключевые слова математическое моделирование
653 a Ключевые слова погрешности
653 a Ключевые слова решение задач
653 a Ключевые слова приближение
653 a Ключевые слова функции
653 a Ключевые слова многомерная минимизация
653 a Ключевые слова одномерная минимизация
653 a Ключевые слова собственные значения
653 a Ключевые слова системы нелинейных уравнений
653 a Ключевые слова адамса метод
653 a Ключевые слова алгебраические уравнения
653 a Ключевые слова алгоритм вычислительный
653 a Ключевые слова арифметика машинная
653 a Ключевые слова бисекция
653 a Ключевые слова вольтера уравнение
653 a Ключевые слова гаусса метод
653 a Ключевые слова гаусса формула
653 a Ключевые слова градиент сопряженный
653 a Ключевые слова задачи вычислительные
653 a Ключевые слова задачи краевые
653 a Ключевые слова интерполяция
653 a Ключевые слова итерация
653 a Ключевые слова краевые задачи
653 a Ключевые слова линейные алгебраические уравнения
653 a Ключевые слова математика вычислительная (основы)
653 a Ключевые слова методы вычислительные (математика)
653 a Ключевые слова методы численные (математика)
653 a Ключевые слова минимизация функций
653 a Ключевые слова нелинейные алгебраические уравнения
653 a Ключевые слова ньютона метод
653 a Ключевые слова одномерная минимизация функций
653 a Ключевые слова приближение функций
653 a Ключевые слова решение прикладных задач на пк
653 a Ключевые слова спуск покоординатный
653 a Ключевые слова тейлора формула
653 a Ключевые слова теория погрешностей (матем)
653 a Ключевые слова теплопроводность уравнение
653 a Ключевые слова уравнения алгебраические
653 a Ключевые слова уравнения интегральные
653 a Ключевые слова фибонччи метод
653 a Ключевые слова формула квадратурная
653 a Ключевые слова фредгольма уравнение
653 a Ключевые слова холецкого метод
653 a Ключевые слова численные методы
653 a Ключевые слова эйлера метод
653 a Ключевые слова эксперимент вычислительный
700 1_ a Другие авторы Дубинский Ю. А.
700 1_ a Другие авторы Копченова Н. В.
852 x Примечание, не предназначенное для пользователя e.lan2022
856 4_ u URL https://e.lanbook.com/book/168619
z Примечание для пользователя Участвует в КО
856 41 u URL https://e.lanbook.com/img/cover/book/168619.jpg